02358cam a22004334a 450000100090000000300100000900500170001900800410003601000150007702000210009204000600011304100080017304200080018108200200018924501600020926400450036926400120041430000280042633600280045433700340048233800290051650505350054550501510108050500650123150501040129650501430140050501010154356300140164465000400165865000180169865000110171665300270172765300280175470000280178270000310181072000280184172000300186972000250189961512977CO-MdFUSB20190202100322.0050825t20052005ilu b 001 0 eng  a2005024571 a1581347553 (tpb) aDLCcCO-MdFUSBdIG#dBAKERdWTSdCAPdUtOrBLWbspaerda aeng apcc 223a220.5bT77210aTranslating truth :bthe case for essentially literal Bible translation /cWayne Grudem , Leland Ryken , C. John Collings , Verns. Poythress , Bruce Winter 1aWheaton, Ill. :bCrossway Books,c[2005] 4c©2005. a157 pages ;c22 cm.b:  atextobtxt2rdacontent. asin mediaciónbn2rdamedia. avolumenbnc2rdacarrier.00aAre only some words of Scripture breathed out by God? -- Why plenary inspiration favors essentially literal Bible translation / Wayne Grudem -- Five myths about essentially literal Bible translation / Leland Ryken -- What the reader wants and the translator can give : 1 John as a test case / C. John Collins -- Truth and fullness of meaning : fullness versus reductionistic semantics in biblical interpretation / Vern Sheridan Poythress -- Revelation v. versus rhetoric : Paul and the first-century Corinthian fad / Bruce Winter.0 t¿Son solo algunas palabras de la Escritura inspiradas por Dios? -- Por qué la inspiración favorece la traducción literal / rWayne Grudem -0 tCinco mitos sobre la traducción literal /rLeland Ryken --0 tLo que el lector quiere y el traductor puede dar: 1 Juan como caso de prueba /r C. John Collins --0 tVerdad y plenitud de significado: plenitud versus semántica reduccionista en la interpretación bíblica /rVern Sheridan Poythress --0 tRevelación v. Chr. versus retórica: Pablo y la moda corinta del siglo I / rBruce Winter. -- arústico 0aBibliabEvidencias, autoridad, etc. 0aInspiración 0aBiblia aBiblia -- Traducción aBiblia -- Inspiración1 aGrudem, Wayne A.eautor aRyken, Lelandd1942eautor aCollins, C. Jhoneautor aPoythress, Vern S.eautor aBruce, Wintereautor